[Event "5eme Open International de La Fere"]
[Site "La Fere (FRA)"]
[Date "2006.07.14"]
[Round "9.21"]
[White "Molet, Asher"]
[Black "Gobeaut, Benjamin"]
[Result "1/2-1/2"]
[WhiteElo "1990"]
[BlackElo "1675"]
[PlyCount "45"]
[EventDate "2006.07.14"]

1. d4 d5 2. Nf3 Nf6 3. e3 e6 4. Bd3 Be7 5. Nbd2 O-O 6. O-O Nbd7 7. e4 dxe4 8.
Nxe4 Nxe4 9. Bxe4 Nf6 10. Bd3 b6 11. Qe2 Bb7 12. Rd1 Qc8 13. c4 Re8 14. Ne5 c5
15. dxc5 Bxc5 16. b3 Qc7 17. Bb2 Rad8 18. Rac1 Qe7 19. Rc2 Be4 20. Bc3 Qb7 21.
Bxe4 Qxe4 22. Re1 Qxe2 23. Rcxe2 1/2-1/2

[Event "5eme Open International de La Fere"]
[Site "La Fere (FRA)"]
[Date "2006.07.14"]
[Round "9.22"]
[White "Marchal, Roger"]
[Black "Achereiner, Guillaume"]
[Result "0-1"]
[WhiteElo "1686"]
[BlackElo "1975"]
[PlyCount "48"]
[EventDate "2006.07.14"]

1. c4 e6 2. g3 Nf6 3. Bg2 c5 4. e3 Nc6 5. Ne2 d5 6. cxd5 exd5 7. d4 c4 8. Nbc3
Nb4 9. O-O Bf5 10. Bd2 Nd3 11. b3 Qd7 12. bxc4 dxc4 13. Qa4 Qxa4 14. Nxa4 Rb8
15. Nac3 b5 16. e4 Bd7 17. a3 Be7 18. Nf4 Nxf4 19. Bxf4 Rb6 20. e5 Nh5 21. Nd5
Nxf4 22. Nxb6 Ne2+ 23. Kh1 axb6 24. f4 Nxd4 0-1